书目信息 |
| 题名: |
鱼类增养殖学
|
|
| 作者: | 王武 主编 | |
| 分册: | ||
| 出版信息: | 北京 中国农业出版社 2000.10 |
|
| 页数: | 661页 | |
| 开本: | 26cm | |
| 丛书名: | ||
| 单 册: | ||
| 中图分类: | S96 | |
| 科图分类: | ||
| 主题词: | 水产养殖--技术 | |
| 电子资源: | ||
| ISBN: | 7-109-06617-7 | |
| 000 | 00557nam0 2200193 450 | |
| 001 | 2355524057 | |
| 005 | 20230216152729.65 | |
| 010 | @a7-109-06617-7@dCNY73.50 | |
| 100 | @a20230216d2000 km y0chiy0120 ea | |
| 101 | 0 | @achi |
| 102 | @aCN@b110000 | |
| 200 | 1 | @a鱼类增养殖学@AYu Lei Zeng Yang Zhi Xue@f王武主编@FWang Wu Zhu Bian |
| 210 | @a北京@c中国农业出版社@d2000.10 | |
| 215 | @a661页@d26cm | |
| 606 | 0 | @a水产养殖@x技术 |
| 690 | @aS96@v4 | |
| 701 | 0 | @a王武@AWang Wu@4主编 |
| 801 | 0 | @aCN@b大连网信软件有限公司图书馆·11@c20230216 |
| 905 | @aZUCC@dS96@e63 | |
| 鱼类增养殖学/王武主编.-北京:中国农业出版社,2000.10 |
| 661页;26cm |
| ISBN 7-109-06617-7:CNY73.50 |
| ● |
| 相关链接 |
|
|
|
|
正题名:鱼类增养殖学
索取号:S96/63
 
预约/预借
| 序号 | 登录号 | 条形码 | 馆藏地/架位号 | 状态 | 备注 |
| 1 | 1052710 | 210527107 | 第二样本阅览室/ [索取号:S96/63] | 在馆 |